| 000 | 00770nam a22002777a 4500 | ||
|---|---|---|---|
| 001 | BR2700062 | ||
| 003 | BR-BrBNA | ||
| 005 | 20230928082836.0 | ||
| 007 | ta | ||
| 008 | 230509b bl.||||| |||| 00| 0 por d | ||
| 040 |
_aBR-BrBNA _bpor _cBiblioteca Nacional de Agricultura |
||
| 041 | _a(Por) | ||
| 072 |
_aE15; E50 _b/G514 |
||
| 090 | _ E15 BR2700062 | ||
| 100 | 1 | _aBritto, J.S. | |
| 245 | 1 | _aDialogo com o povo [Cooperativa; Credito cooperativo; Brasil] | |
| 260 | 3 |
_aRio de Janeiro, GB (Brasil): _bTyp. Benedicto de Souza, _c1927. |
|
| 300 | _a26 p. | ||
| 650 | _aMicroeconomia | ||
| 650 | _aSociologia rural | ||
| 650 | _aCooperativa | ||
| 650 | _aBaixa renda | ||
| 650 | _aCredito cooperativo | ||
| 909 |
_a202309 _bLucia _c55 _dLucia Elande |
||
| 942 | _cBK | ||
| 999 |
_c10214 _d10214 |
||